000 00515nam a2200217Ia 4500
003 OSt
005 20221005113938.0
006 a|||||r|||| 00| 0
007 ta
008 221004b |||||||| |||| 00| 0 eng d
024 _a118750
037 _cTextual
040 _aCRL
_cCRL
_beng
041 _2eng
_aeng
100 _aGlemser Bernard J
_9625207
245 0 _aAll about the Human Body
260 _c1958
650 _aPSYCHOLOGY
942 _cTEXL
_2cc
999 _c1029821
_d1029821